000 00486nam a2200157 a 4500
001 000029582
005 20240229073955.0
008 110419s20uu dr 000 0 spa d
040 _aDO-SdBNP
_bspa
_cBNPHU
100 1 _aVega, Bernardo,
_d1938 -
_93222
245 1 0 _aCamille Pissarro en Santo Domingo 1850 /
_cBernardo Vega.
260 _a[Santo Domingo] :
_bGrupo León Jimenes,
_c[200?].
300 _a47 p. :
_bil., retrs. ;
_c23 cm.
504 _aBibliografía : p. 46
049 _aBNPD
999 _c29074
_d29074